000 00315nam a22001337a 4500
020 _a978-93-5732-062-7
082 _a894.812
_bJOS/N
100 _aMURPHY, JOSEPH
245 _aNINNILTHANNE VISHWASIKUKA
260 _aKOTTAYAM
_bDC BOOKS
_c2023
300 _a78
650 _aMALAYALAM LITERATURE
_zKERALA
942 _cBK
999 _c7111
_d7111